| 000 | 01385cam a2200325 a 4500 | ||
|---|---|---|---|
| 001 | howtobehappycat00plat | ||
| 003 | CaSfIA | ||
| 005 | 20210118101204.0 | ||
| 007 | cr|||| | ||
| 008 | 870209r1987uuuunjua 000 0 eng | ||
| 010 | _a 87005488 | ||
| 040 |
_aDLC _cDLC _dBTCTA _dBAKER _dYDXCP _dCaSfIA |
||
| 020 |
_a1555620191 (pbk.) : _c$5.95 |
||
| 020 | _a9781555620196 (pbk.) | ||
| 035 | _a(OCoLC)15251776 | ||
| 050 | 0 | 0 |
_aPS3566.L2848 _bH6 1987 |
| 082 | 0 | 0 |
_a818/.5402 _219 |
| 100 | 1 | _aPlatt, Charles. | |
| 245 | 1 | 0 |
_aHow to be a happy cat / _h[electronic resource] _cCharles Platt ; cartoons by Gray Jolliffe. |
| 250 | _a1st American ed. | ||
| 260 |
_aPittstown, NJ : _bMain Street Press, _c1987, c1986. |
||
| 300 |
_a94 p. : _bill. ; _c23 x 18 cm. |
||
| 650 | 0 |
_aCats _vHumor. |
|
| 700 | 1 | _aJolliffe, Gray. | |
| 856 | 4 | 1 |
_uhttp://www.archive.org/details/howtobehappycat00plat _zFree eBook from the Internet Archive |
| 856 | 4 | 2 |
_uhttp://www.openlibrary.org/books/OL2377118M _zAdditional information and access via Open Library |
| 942 | _cEB | ||
| 506 | _fНеобхідна авторизація на https://archive.org/ (створення облікового запису безкоштовно) | ||
| 506 | _fНеобхідна авторизація на https://openlibrary.org/ (створення облікового запису безкоштовно) | ||
| 999 |
_c508462 _d508462 |
||